History of the USA - Statistics

General Stats
  • This quiz has been taken 314 times
  • The average score is 14 of 20
Answer Stats
Question Answer % Correct
In which famous war was Abraham Lincoln president ? American Civil War
100%
For which reasons did they enter in WW2 ? Japan attacked an American military base
96%
Against which country did the USA use the nuclear weapon ? Japan
95%
Why did it finish ? The Soviet Union collapsed
92%
In what year did the USA become independant ? 1776
89%
Before being purchased by the US, which country did Alaska belong to ? Russia
89%
Which country sold Louisiana to the US ? France
88%
The USA was the only country that used nuclear weapons in wartime True
86%
Which of these presidents was not in power during the Cold War ? Franklin Roosevelt
81%
When did the USA enter the World War 2 ? 8 December 1941
72%
When did American Civil War begin ? 1861
70%
And when did it finish ? 1865
70%
And when did it finish ? 1991
70%
When did the US Independance War begin ? 1775
69%
Did the USA enter World War 1 ? If yes, when ? Yes, in 1917
65%
And when did it finish ? 1783
57%
Who helped the US in their Independance War ? France
55%
In what year was Louisiana sold to the US ? 1803
54%
When did Cold War begin ? 1947
32%
How many countries had already controlled the state of Texas ? 6
12%
No matching quizzes found
Score Distribution
Percent of People with Each Score
Percentile by Number Answered
Your Score History
You have not taken this quiz